000
00251nam a2200097Ia 4500
008
120527s9999 xx 000 0 und d
100
_a
LAPPO,G.M
245
_a
Urban geography in the Soviet union and the United States.
260
_b
Rowman
942
_c
BK
999
_c
23991
_d
23991